000 00291nam a22001337a 4500
008 170216b xxu||||| |||| 00| 0 eng d
020 _a9780176407919
041 _aeng
080 _21ST
_a61
100 _a4
101 _aSHM
245 _aINTRODUCTION TO HEALTH
_cHALES, D
942 _2udc
_cBK
999 _c5687
_d5687